000 00523nam a2200157 i 4500
001 bg
245 0 _aObróbka wiórowa /
_c[red. zesz.] Hilary Gumienny.
260 _aWrocław,
_c1970.
490 1 _aPrace Naukowe Instytutu Technologii Budowy Maszyn Politechniki Wrocławskiej ;
_vnr 2
700 1 _aGUMIENNY, Hilary.
_eRed. nauk
830 _aPrace Naukowe Instytutu Technologii Budowy Maszyn Politechniki Wrocławskiej ;
040 _cBPK
041 _apol
942 _cKS
008 s pl f |000 0 pol
999 _c20652
_d20652
856 _uhttp://koha.tu.koszalin.pl/cgi-bin/koha/opac-detail.pl?biblionumber=20652
_yKatalog online BPK